Contemporary problems of land ownership (Record no. 105723)

MARC details
000 -LEADER
fixed length control field 00615cam a2200193 4500
001 - CONTROL NUMBER
control field ##L134547
008 - FIXED-LENGTH DATA ELEMENTS--GENERAL INFORMATION
fixed length control field 060815n 000 0 eng u
035 ## - SYSTEM CONTROL NUMBER
System control number (Sirsi) u134547
041 0# - LANGUAGE CODE
Language code of text/sound track or separate title eng
050 04 - LIBRARY OF CONGRESS CALL NUMBER
Classification number 333.01 $2 18
110 2# - MAIN ENTRY--CORPORATE NAME
Corporate name or jurisdiction name as entry element University of Cambridge
Subordinate unit Department of Land Economy
9 (RLIN) 201
245 00 - TITLE STATEMENT
Title Contemporary problems of land ownership
260 ## - PUBLICATION, DISTRIBUTION, ETC.
Place of publication, distribution, etc. Cambridge
Name of publisher, distributor, etc. Cambridge University
Date of publication, distribution, etc. [1962]
300 ## - PHYSICAL DESCRIPTION
Extent 107p.
Dimensions 22cm.
520 ## - SUMMARY, ETC.
Summary, etc. A course of lectures given at Cambridge in June 1962.
690 ## - LOCAL SUBJECT ADDED ENTRY--TOPICAL TERM (OCLC, RLIN)
Topical term or geographic name as entry element Block management
9 (RLIN) 6220
710 2# - ADDED ENTRY--CORPORATE NAME
Corporate name or jurisdiction name as entry element Cambridge University Estate Management Club
9 (RLIN) 254
942 ## - ADDED ENTRY ELEMENTS (KOHA)
Suppress in OPAC 0
Holdings
Withdrawn status Lost status Source of classification or shelving scheme Damaged status Not for loan Home library Current library Shelving location Date acquired Total Checkouts Full call number Barcode Date last seen Copy number Price effective from Koha item type
    Dewey Decimal Classification     London London Basement 15/08/2006   SHELF 330 30071756 06/08/2019 1 06/08/2019 Book